| 000 | 00599nam a22002297a 4500 | ||
|---|---|---|---|
| 003 | UA-OsUOA | ||
| 001 | 86379 | ||
| 007 | ta | ||
| 008 | 20120831b un ||||| |||| 00| 0 ukr d | ||
| 100 | _aШевченко Б.М. | ||
| 090 |
_a913(477) _bШ37 |
||
| 942 | _cBK | ||
| 040 |
_aUA-OsUOA _bukr _cUA-OsUOA _dUA-OsUOA |
||
| 245 |
_aНова Каховка _bфотонарис |
||
| 300 | _a60 с. | ||
| 955 | _a4 | ||
| 041 | _aukr | ||
| 080 | _a913(477) | ||
| 260 |
_aСімферополь _bТаврія _c1976 |
||
| 650 | 7 |
_a913 Регіональна географія _2UDC |
|
| 999 |
_c373164 _d373164 |
||